000 00510nam a2200217Ia 4500
003 0100
008 130303s9999 xx 000 0 und d
040 _cARRUPELIB
050 _aBD21.H73 1961
100 _aHunnex, Milton D.
245 _aPhilosophies and philosophers
260 _aSan Francisco
260 _bChandler Publishing
260 _C1961
300 _a42p.
300 _b 28cm.
650 _bKnowledge, Sociology of
650 _cReasoning
650 _dIntention
942 _2lcc
_04
999 _c65524
_d65524